ბათუმის შოთა რუსთაველის სახელმწიფო უნივერსიტეტის ბიბლიოთეკა

Инструменты бережливого производства II: (ბიბ.ჩანაწერი № 62564)

000 -LEADER
fixed length control field 00682nam a22001817a 4500
005 - DATE AND TIME OF LATEST TRANSACTION
control field 20241209102700.0
008 - FIXED-LENGTH DATA ELEMENTS--GENERAL INFORMATION
fixed length control field 241209s2024 ru ||||| |||| 00| 0 rus d
020 ## - INTERNATIONAL STANDARD BOOK NUMBER
International Standard Book Number 9785961465334x
041 ## - LANGUAGE CODE
Language code of text/sound track or separate title rus
080 ## - UNIVERSAL DECIMAL CLASSIFICATION NUMBER
Universal Decimal Classification number 65.011 B-26
100 ## - MAIN ENTRY--PERSONAL NAME
Personal name Вейдер, М.
9 (RLIN) 23905
245 ## - TITLE STATEMENT
Title Инструменты бережливого производства II:
Remainder of title Карманное руководство по практике применения Lean /
Statement of responsibility, etc. М. Вейдер.
264 ## - PRODUCTION, PUBLICATION, DISTRIBUTION, MANUFACTURE, AND COPYRIGHT NOTICE
Place of production, publication, distribution, manufacture Москва :
Name of producer, publisher, distributor, manufacturer PRO,
Date of production, publication, distribution, manufacture, or copyright notice 2024.
300 ## - PHYSICAL DESCRIPTION
Extent 147 стр.:
Other physical details илл.;
Dimensions 17 см.
653 ## - INDEX TERM--UNCONTROLLED
keyword ორგანიზაცია
653 ## - INDEX TERM--UNCONTROLLED
keyword წარმოება
942 ## - ADDED ENTRY ELEMENTS (KOHA)
Source of classification or shelving scheme
Koha item type წიგნი
ეგზემპლარები
Withdrawn status Lost status Source of classification or shelving scheme Damaged status Not for loan Permanent Location Current Location Shelving location Date acquired Cost, normal purchase price Full call number Barcode Date last seen Copy number Price effective from Koha item type Public note
          ბათუმის შოთა რუსთაველის სახელმწიფო უნივერსიტეტის მთავარი ბიბლიოთეკა ბათუმის შოთა რუსთაველის სახელმწიფო უნივერსიტეტის მთავარი ბიბლიოთეკა წიგნსაცავი 2024-12-09 69.00 65.011 B-26 69912 2024-12-09 69912 2024-12-09 წიგნი 69 ლ.